Waste reception facilities under MARPOL73/78 in Malaysia.
| Published: |
Kuala Lumpur:
Centre for Ocean Law and Policy, MIMA,
1998.
|
|---|---|
| Subjects: |
| LEADER | 00452cam a2200145 7i4500 | ||
|---|---|---|---|
| 001 | 0000042784 | ||
| 005 | 20120612090000.0 | ||
| 020 | |a 9839275135 (pbk.) | ||
| 090 | 0 | 0 | |a VK147 |b .W39 1998 |
| 245 | 0 | 0 | |a Waste reception facilities under MARPOL73/78 in Malaysia. |
| 260 | |a Kuala Lumpur: |b Centre for Ocean Law and Policy, MIMA, |c 1998. | ||
| 300 | |a 44 p.; |c 25 cm. | ||
| 500 | |a Gift | ||
| 650 | 0 | 0 | |a Oceanography |
| 999 | |a 0000047795 |b BOK |c OPEN SHELF |e 2nd Floor, Bestari Jaya | ||


